<?xml version="1.0" encoding="UTF-8"?>
<record
    xmlns:xsi="http://www.w3.org/2001/XMLSchema-instance"
    xsi:schemaLocation="http://www.loc.gov/MARC21/slim http://www.loc.gov/standards/marcxml/schema/MARC21slim.xsd"
    xmlns="http://www.loc.gov/MARC21/slim">

  <leader>01459    a2200229   4500</leader>
  <controlfield tag="003">Nust</controlfield>
  <controlfield tag="005">20230221152436.0</controlfield>
  <datafield tag="010" ind1=" " ind2=" ">
    <subfield code="a">   92025560</subfield>
  </datafield>
  <datafield tag="020" ind1=" " ind2=" ">
    <subfield code="a">0824787242 (alk. paper)</subfield>
  </datafield>
  <datafield tag="040" ind1=" " ind2=" ">
    <subfield code="c">Nust</subfield>
  </datafield>
  <datafield tag="082" ind1="0" ind2="0">
    <subfield code="a">621.367,MAT</subfield>
  </datafield>
  <datafield tag="245" ind1="0" ind2="0">
    <subfield code="a">Mathematical morphology in image processing /</subfield>
    <subfield code="c">edited by Edward Dougherty.</subfield>
  </datafield>
  <datafield tag="260" ind1=" " ind2=" ">
    <subfield code="a">New York :</subfield>
    <subfield code="b">M. Dekker,</subfield>
    <subfield code="c">c1993.</subfield>
  </datafield>
  <datafield tag="300" ind1=" " ind2=" ">
    <subfield code="a">xvi, 530 p. :</subfield>
    <subfield code="b">ill. ;</subfield>
    <subfield code="c">24 cm.</subfield>
  </datafield>
  <datafield tag="490" ind1="1" ind2=" ">
    <subfield code="a">Optical engineering</subfield>
  </datafield>
  <datafield tag="505" ind1=" " ind2=" ">
    <subfield code="a">Training Structuring Elements In Morphological Networks (Page-1), Efficient Design Strategies For The Optimal Binary Digital Morphological Filter: Probabilities, Constraints, And Structuring-Element Libraries (Page-43), Statistical Properties Of Discrete Morphological Filters (Page-93), Morphological Analysis Of Pavement Surface Condition (Page-121), On Two Inverse Problems In Mathematical Morphology (Page-151), Graph Morphology In Image Analysis (Page-171), Mathematical Morphology With Noncommutative Symmetry Groups (Page-205), Morphological Algorithms (Page-255), Discrete Half Plane Morphology For Restricted Domains (Page-289), On As Distance Function Approach For Gray Level Mathematical Morphology (Pag-323).</subfield>
  </datafield>
  <datafield tag="650" ind1=" " ind2="0">
    <subfield code="a">Telecommunication Engineering.</subfield>
  </datafield>
  <datafield tag="700" ind1="1" ind2=" ">
    <subfield code="a">Dougherty, Edward R.</subfield>
    <subfield code="9">75827</subfield>
  </datafield>
  <datafield tag="830" ind1=" " ind2="0">
    <subfield code="a">Optical engineering (Marcel Dekker, Inc.)</subfield>
    <subfield code="9">96335</subfield>
  </datafield>
  <datafield tag="856" ind1="4" ind2="2">
    <subfield code="3">Publisher description</subfield>
    <subfield code="u">http://www.loc.gov/catdir/enhancements/fy0647/92025560-d.html</subfield>
  </datafield>
  <datafield tag="942" ind1=" " ind2=" ">
    <subfield code="c">REF</subfield>
    <subfield code="2">ddc</subfield>
  </datafield>
  <datafield tag="999" ind1=" " ind2=" ">
    <subfield code="c">175588</subfield>
    <subfield code="d">175588</subfield>
  </datafield>
  <datafield tag="952" ind1=" " ind2=" ">
    <subfield code="0">0</subfield>
    <subfield code="1">0</subfield>
    <subfield code="2">ddc</subfield>
    <subfield code="4">0</subfield>
    <subfield code="7">0</subfield>
    <subfield code="a">MCS</subfield>
    <subfield code="b">MCS</subfield>
    <subfield code="c">REF</subfield>
    <subfield code="d">2016-12-12</subfield>
    <subfield code="o">621.367,MAT</subfield>
    <subfield code="p">MCS27155</subfield>
    <subfield code="r">2016-12-08</subfield>
    <subfield code="w">2016-12-12</subfield>
    <subfield code="y">REF</subfield>
    <subfield code="z">Almirah No.71, Shelf No.1</subfield>
  </datafield>
</record>
